000 00840nam a2200205Ii 4500
003 JO-AjNU
008 230605s9999||||xx |||||||||||||| ||und||
040 _aJO-AjNU
_bara
_erda
_cJO-AjNU
041 _aara
050 1 4 _aBP144.A99 2012
100 3 _aتصنيف الازهري،ابو منصور ؛ تحقيق محمد جبر الالفي ، مراجعة: محمد بشير الادلبي ، عبد الستار ابو غده,
_eauthor
_943695
245 0 0 _aالزاهر في غريب ألفاظ الشافعي
250 _aط2
264 3 1 _aالكويت: وزارة الاوقاف والشؤون الاسلامية، 2012
300 _a504ص
336 _atext
_btxt
_2rdacontent
337 _aunmediated
_bn
_2rdamedia
338 _avolume
_bnc
_2rdacarrier
650 4 _aالفقه الشافعي- الامام الشافعي
_943696
999 _aA18803
_c22371
_d22371